[Event "BL 9293 München 36-HSK"]
[Site "?"]
[Date "1992.??.??"]
[Round "?.8"]
[White "Pezerovic, E."]
[Black "Sievers, S."]
[Result "1/2-1/2"]
[WhiteElo "2435"]
[BlackElo "2380"]
[PlyCount "82"]
[EventDate "1992.??.??"]

1. Nf3 c5 2. c3 Nf6 3. d4 e6 4. e3 Nc6 5. Bd3 d5 6. O-O Bd6 7. Nbd2 O-O 8. dxc5
Bxc5 9. e4 dxe4 10. Nxe4 Nxe4 11. Bxe4 h6 12. Qe2 Qc7 13. b3 Be7 14. Bb2 Bf6
15. Rfd1 Bd7 16. Ba3 Rfd8 17. Bd6 Qb6 18. Rac1 Ne7 19. c4 Bc6 20. c5 Qa5 21.
Bb1 Nd5 22. Qc2 g6 23. Nd4 Be8 24. Qe2 b6 25. Qf3 Bg5 26. Nxe6 Bxc1 27. Nxd8
Rxd8 28. Qxd5 Ba3 29. Qf3 Bxc5 30. Bxc5 Rxd1+ 31. Qxd1 Qxc5 32. Be4 Qe5 33. Bf3
a5 34. g3 Kg7 35. h4 Bb5 36. Kg2 Ba6 37. Qd2 Qb5 38. Kh2 Qd3 39. Qb2+ Kg8 40.
Bg2 Qd6 41. Qc3 Be2 1/2-1/2

[Event "BL 9293 Stadthagen-HSK"]
[Site "?"]
[Date "1992.??.??"]
[Round "?.1"]
[White "Shirov, A."]
[Black "Sax, G."]
[Result "1/2-1/2"]
[WhiteElo "2710"]
[BlackElo "2565"]
[PlyCount "123"]
[EventDate "1992.??.??"]

1. e4 c5 2. Nf3 d6 3. d4 cxd4 4. Nxd4 Nf6 5. Nc3 e6 6. g4 h6 7. h3 a6 8. Bg2 g5
9. Be3 Nbd7 10. Qe2 Ne5 11. O-O-O Qc7 12. f4 gxf4 13. Bxf4 b5 14. Qf2 Nfd7 15.
Kb1 Bb7 16. Rhe1 Be7 17. Nce2 O-O-O 18. Bc1 Nc5 19. Nf4 Ng6 20. Nxg6 fxg6 21.
Qf7 e5 22. Ne6 Nxe6 23. Qxe6+ Kb8 24. Qxg6 h5 25. Bf3 Rdf8 26. Rd3 Bh4 27. Rg1
Rf6 28. gxh5 Rxg6 29. Rxg6 Qf7 30. Rgxd6 Be7 31. Rb6 Kc7 32. Rg6 Rd8 33. Bg2
Rxd3 34. cxd3 Bc8 35. Bh6 Be6 36. Rg7 Qf6 37. Rg6 Qf7 38. Rg7 Bxa2+ 39. Ka1 Qf6
40. Kxa2 Qxh6 41. Rxe7+ Kd6 42. Ra7 Qxh5 43. Rxa6+ Kc5 44. Rf6 Qe2 45. Bf1 Qe1
46. h4 Qa5+ 47. Kb1 b4 48. Ra6 Qc7 49. Be2 Kd4 50. h5 Qf7 51. Rc6 Ke3 52. Bd1
Qd7 53. Rc1 Qxd3+ 54. Bc2 Qe2 55. Rd1 Qxh5 56. Ka2 Qf7+ 57. Rd5 Qc7 58. Kb3 Ke2
59. Bd3+ Ke3 60. Kxb4 Qb6+ 61. Ka3 Kd2 62. Bb5+ 1/2-1/2

[Event "BL 9293 Stadthagen-HSK"]
[Site "?"]
[Date "1992.??.??"]
[Round "?.2"]
[White "Khalifman, A."]
[Black "Wahls, M."]
[Result "1/2-1/2"]
[WhiteElo "2635"]
[BlackElo "2540"]
[PlyCount "54"]
[EventDate "1992.??.??"]

1. d4 Nf6 2. Nf3 e6 3. c4 Bb4+ 4. Bd2 Qe7 5. g3 Nc6 6. Nc3 Bxc3 7. Bxc3 Ne4 8.
Rc1 O-O 9. Bg2 d6 10. d5 Nd8 11. O-O e5 12. Be1 f5 13. Nd2 Nf6 14. c5 Nf7 15.
cxd6 cxd6 16. Nc4 f4 17. Bb4 Bf5 18. f3 Rfc8 19. e4 Bd7 20. gxf4 Rxc4 21. Rxc4
Bb5 22. fxe5 Nxe5 23. Rc2 Bxf1 24. Qxf1 Rf8 25. f4 Nfg4 26. Re2 Qh4 27. Bh3 g5
1/2-1/2

[Event "BL 9293 Stadthagen-HSK"]
[Site "?"]
[Date "1992.??.??"]
[Round "?.3"]
[White "Ftacnik, L."]
[Black "Lobron, E."]
[Result "0-1"]
[WhiteElo "2535"]
[BlackElo "2625"]
[PlyCount "88"]
[EventDate "1992.??.??"]

1. d4 Nf6 2. Nf3 e6 3. c4 b6 4. g3 Ba6 5. Nbd2 Bb4 6. Qc2 b5 7. cxb5 Bxb5 8.
Bg2 d5 9. a3 Bd6 10. Nb1 Ne4 11. Nc3 Nxc3 12. Qxc3 Nd7 13. Bf4 a5 14. Rc1 O-O
15. Rc2 a4 16. O-O Rb8 17. Re1 h6 18. Nd2 Nb6 19. Bf1 Bxf4 20. gxf4 Qf6 21. e3
Bxf1 22. Rxf1 Qg6+ 23. Kh1 Rb7 24. Qc6 Rfb8 25. Rc3 Qh5 26. Re1 Nc8 27. b4 axb3
28. Rxb3 Rxb3 29. Nxb3 Rxb3 30. Qe8+ Kh7 31. Qxc8 Qf3+ 32. Kg1 Rb2 33. Rf1 Qg4+
34. Kh1 Qf3+ 35. Kg1 Qg4+ 36. Kh1 h5 37. Qxc7 Qf3+ 38. Kg1 Qg4+ 39. Kh1 h4 40.
f5 Qf3+ 41. Kg1 Qg4+ 42. Kh1 Qh3 43. Rg1 exf5 44. a4 Rb6 0-1

[Event "BL 9293 Stadthagen-HSK"]
[Site "?"]
[Date "1992.??.??"]
[Round "?.4"]
[White "Tischbierek, R."]
[Black "Mueller, Ka"]
[Result "1-0"]
[WhiteElo "2495"]
[BlackElo "2490"]
[PlyCount "117"]
[EventDate "1992.??.??"]

1. e4 d5 2. exd5 Qxd5 3. Nc3 Qa5 4. d4 Nf6 5. Nf3 c6 6. Bc4 Bf5 7. Ne5 e6 8.
O-O Nbd7 9. Nxd7 Nxd7 10. Qe2 O-O-O 11. Rd1 Nf6 12. Bf4 Bd6 13. Be5 h5 14. Bd3
Bxd3 15. Rxd3 Bxe5 16. dxe5 Nd5 17. Nxd5 Rxd5 18. Rxd5 Qxd5 19. b3 Rd8 20. Qxh5
Qd4 21. Rf1 g6 22. Qf3 Rd7 23. Qe3 Qb2 24. Qxa7 Qxc2 25. Qa8+ Kc7 26. Qa5+ Kb8
27. g3 Rd5 28. Qb4 Kc7 29. a4 Rd3 30. Qf4 Rd7 31. Qf3 g5 32. h3 Qg6 33. Rd1 Rd5
34. Rxd5 exd5 35. Qe3 Qf5 36. a5 Kd7 37. Qb6 Qb1+ 38. Kh2 Qc2 39. Qxb7+ Ke6 40.
Qb6 Kxe5 41. Qe3+ Kd6 42. b4 Qc4 43. Qb6 d4 44. a6 d3 45. a7 Qa2 46. b5 d2 47.
Qxc6+ Ke7 48. a8=Q Qxa8 49. Qxa8 d1=Q 50. Kg2 Qb3 51. Qc6 Qa4 52. Qd5 Qb4 53.
Qxg5+ Kf8 54. Qf5 Qb3 55. Qc5+ Kg7 56. b6 Kg6 57. Qc6+ Kg7 58. b7 Qb1 59. Qc8
1-0

[Event "BL 9293 Stadthagen-HSK"]
[Site "?"]
[Date "1992.??.??"]
[Round "?.5"]
[White "Michaelsen, N."]
[Black "Keitlinghaus, L."]
[Result "1-0"]
[WhiteElo "2405"]
[BlackElo "2460"]
[PlyCount "83"]
[EventDate "1992.??.??"]

1. d4 f5 2. Nf3 e6 3. g3 Nf6 4. Bg2 d5 5. O-O Bd6 6. c4 c6 7. b3 Qe7 8. a4 a5
9. Ba3 Bxa3 10. Nxa3 O-O 11. Qc2 b6 12. Rfc1 g6 13. Qb2 Bb7 14. Nc2 Na6 15.
Nce1 c5 16. Nd3 Rac8 17. e3 dxc4 18. bxc4 Nb4 19. Nxb4 cxb4 20. Ne5 Bxg2 21.
Kxg2 Rc7 22. Rc2 Nd7 23. Nd3 Re8 24. Re1 e5 25. e4 fxe4 26. Rxe4 Qf6 27. Qb3
Qf5 28. Rce2 Nf6 29. Rxe5 Rxe5 30. Rxe5 Qc8 31. c5+ Kh8 32. Kg1 bxc5 33. Nxc5
Nd7 34. Nxd7 Qxd7 35. Rxa5 Qxd4 36. Ra8+ Kg7 37. Qg8+ Kh6 38. Qf8+ Kh5 39. Ra5+
g5 40. Qe8+ Kh6 41. Qe6+ Kh5 42. Rxg5+ 1-0

[Event "BL 9293 Stadthagen-HSK"]
[Site "?"]
[Date "1992.??.??"]
[Round "?.6"]
[White "Heissler, J."]
[Black "Wegner, H."]
[Result "1-0"]
[WhiteElo "2410"]
[BlackElo "2365"]
[PlyCount "121"]
[EventDate "1992.??.??"]

1. e4 d6 2. d4 Nf6 3. Nd2 e5 4. dxe5 dxe5 5. Ngf3 Nbd7 6. Bc4 Bc5 7. O-O O-O 8.
c3 a5 9. a4 Qe7 10. Qe2 Nb6 11. Bb3 Be6 12. Bc2 Nfd7 13. Rd1 Rfd8 14. Nf1 f6
15. Ng3 Qf7 16. Nd2 Bf8 17. Nf5 Nc5 18. h3 Rd7 19. Nf1 Rxd1 20. Bxd1 Nb3 21.
Bxb3 Bxb3 22. Be3 Nxa4 23. Nd2 Nb6 24. Bxb6 cxb6 25. c4 Rc8 26. Nxb3 Qxc4 27.
Qe3 Qb4 28. Qd3 a4 29. Qd7 Rc6 30. Qxb7 Rc2 31. Rd1 g6 32. Ne3 Rxb2 33. Nc1 Rd2
34. Rxd2 Qxd2 35. Qd5+ Qxd5 36. Nxd5 Ba3 37. Na2 Bc5 38. Nxf6+ Kf7 39. Nd7 Bd4
40. Kf1 Ke6 41. Nb8 Kd6 42. Ke2 Kc5 43. Kd3 Bxf2 44. Na6+ Kc6 45. N6b4+ Kc5 46.
Nc2 b5 47. Nab4 Bg1 48. Na6+ Kb6 49. Nab4 Kc5 50. Nd5 Bf2 51. Ncb4 Be1 52. Na6+
Kc6 53. Kc2 Bf2 54. Nab4+ Kd6 55. Nd3 Bd4 56. Kb1 h5 57. Kc2 Ba1 58. Nc3 Kc6
59. Nxe5+ Kb6 60. Nd3 Ka5 61. Nd5 1-0

[Event "BL 9293 Stadthagen-HSK"]
[Site "?"]
[Date "1992.??.??"]
[Round "?.7"]
[White "Heinemann, T."]
[Black "Gauglitz, G."]
[Result "1/2-1/2"]
[WhiteElo "2385"]
[BlackElo "2435"]
[PlyCount "96"]
[EventDate "1992.??.??"]

1. e4 c5 2. b3 Nc6 3. Bb2 d6 4. Bb5 Bd7 5. f4 Nf6 6. Bxc6 Bxc6 7. d3 e6 8. Nd2
Be7 9. Ngf3 O-O 10. O-O b5 11. Qe2 Qb6 12. c4 Qb7 13. e5 Ne8 14. exd6 Nxd6 15.
Ne5 Bf6 16. Rae1 a5 17. Ne4 Nxe4 18. Nxc6 Qxc6 19. cxb5 Qb6 20. dxe4 Bxb2 21.
Qxb2 c4+ 22. Kh1 Qxb5 23. Qe2 Rab8 24. bxc4 Qb2 25. Rf2 Qxe2 26. Rfxe2 Rfd8 27.
Rc2 Kf8 28. g3 Ke7 29. Re3 Rb4 30. e5 Rd4 31. Rec3 Kd7 32. Kg2 Kc6 33. a3 Rb1
34. Kf3 Kc5 35. Kg4 a4 36. Kf3 Rb3 37. Ke2 Rb1 38. Kf2 Rbd1 39. Ke2 Rh1 40. Kf3
Rb1 41. Ke2 h5 42. Kf3 g6 43. Ke2 Rd7 44. Ke3 Rd4 45. Ke2 Rd8 46. Ke3 Rd7 47.
Ke2 Rd4 48. Kf3 Rb3 1/2-1/2

[Event "BL 9293 Stadthagen-HSK"]
[Site "?"]
[Date "1992.??.??"]
[Round "?.8"]
[White "Schirm, F."]
[Black "Sievers, S."]
[Result "0-1"]
[WhiteElo "2340"]
[BlackElo "2380"]
[PlyCount "53"]
[EventDate "1992.??.??"]

1. Nf3 c5 2. g3 Nc6 3. Bg2 g6 4. c3 Bg7 5. O-O e5 6. d3 d5 7. e4 Nge7 8. Nbd2
O-O 9. exd5 Nxd5 10. Re1 h6 11. Nc4 Re8 12. a4 Bf5 13. a5 Rb8 14. a6 b6 15. d4
cxd4 16. Nxd4 exd4 17. Rxe8+ Qxe8 18. Bxd5 Rd8 19. Bxc6 Qxc6 20. Ne3 Bh3 21. c4
Re8 22. Nd5 Qxc4 23. Nf4 Bd7 24. b3 Qc6 25. Bb2 g5 26. Rc1 Qe4 27. Nd3 0-1

[Event "BL 9293 Empor Berlin-Delmenhorst"]
[Site "?"]
[Date "1992.??.??"]
[Round "?.2"]
[White "Muse, M."]
[Black "Pekarek, A."]
[Result "1-0"]
[WhiteElo "2470"]
[BlackElo "2445"]
[PlyCount "87"]
[EventDate "1992.??.??"]

1. d4 g6 2. e4 Bg7 3. c4 Nc6 4. Be3 d6 5. Nc3 e5 6. d5 Nd4 7. Nge2 Nxe2 8. Bxe2
Ne7 9. c5 O-O 10. cxd6 cxd6 11. f3 f5 12. a4 Kh8 13. O-O f4 14. Bf2 g5 15. Rc1
a6 16. Qb3 Rf6 17. Nd1 Qe8 18. Be1 h5 19. Rc7 Ng8 20. Nf2 Rg6 21. h3 Bf6 22.
Bd2 Bd8 23. Rxb7 g4 24. fxg4 Bxb7 25. Qxb7 Bh4 26. gxh5 Rg7 27. Qc6 Bxf2+ 28.
Rxf2 Qd8 29. Bb4 a5 30. Bc3 Nf6 31. Bf3 Rc7 32. Qb5 Qd7 33. Qxd7 Nxd7 34. Bd1
Nc5 35. Bc2 Kg8 36. g3 fxg3 37. Rf3 Rg7 38. Kg2 Kh7 39. Rf6 Nb7 40. Bd1 Rd8 41.
Bg4 Re7 42. Bd2 Nc5 43. Rh6+ Kg8 44. Bg5 1-0

[Event "BL 9293 Empor Berlin-Delmenhorst"]
[Site "?"]
[Date "1992.??.??"]
[Round "?.3"]
[White "Borik, O."]
[Black "Chekhov, V."]
[Result "1/2-1/2"]
[WhiteElo "2390"]
[BlackElo "2535"]
[PlyCount "75"]
[EventDate "1992.??.??"]

1. Nf3 c5 2. e3 g6 3. d4 Bg7 4. c3 Qc7 5. Na3 a6 6. dxc5 Qxc5 7. Nc2 d5 8. Be2
Nf6 9. Qd4 Qd6 10. Qf4 Qxf4 11. exf4 Nc6 12. Be3 O-O 13. O-O-O Bf5 14. Nfd4
Nxd4 15. Nxd4 Rac8 16. Nxf5 gxf5 17. Bd4 e6 18. Bxf6 Bxf6 19. Kb1 b5 20. h3
Rfd8 21. Rd3 d4 22. cxd4 Rxd4 23. Rxd4 Bxd4 24. Rc1 Rxc1+ 25. Kxc1 Bxf2 26. Kd2
Kf8 27. a4 bxa4 28. Bxa6 Bd4 29. Bb5 Bxb2 30. Bxa4 h5 31. g3 h4 32. gxh4 Bg7
33. Ke3 Bh6 34. Kf3 Ke7 35. h5 f6 36. Bc2 Kd6 37. Bb1 Kc5 38. Ba2 1/2-1/2

[Event "BL 9293 Empor Berlin-Delmenhorst"]
[Site "?"]
[Date "1992.??.??"]
[Round "?.5"]
[White "Breutigam, M."]
[Black "Stern, R."]
[Result "0-1"]
[WhiteElo "2335"]
[BlackElo "2375"]
[PlyCount "64"]
[EventDate "1992.??.??"]

1. d4 d5 2. Nf3 Nf6 3. c4 e6 4. Nc3 Be7 5. Qc2 O-O 6. e4 dxe4 7. Nxe4 Nbd7 8.
Be2 Nxe4 9. Qxe4 Nf6 10. Qc2 c5 11. dxc5 Qa5+ 12. Bd2 Qxc5 13. Bc3 Rd8 14. O-O
b6 15. b4 Qc7 16. Ng5 Bb7 17. Rac1 h6 18. Bxf6 Bxf6 19. Qh7+ Kf8 20. Ne4 Bb2
21. Rc2 Qf4 22. Ng3 Be5 23. c5 Bd5 24. c6 g6 25. c7 Bxc7 26. Qh8+ Ke7 27. Qc3
Be5 28. Qa3 Bd6 29. Rb1 a5 30. Qd3 axb4 31. Qb5 Bc5 32. Bc4 Ra5 0-1

[Event "BL 9293 Empor Berlin-Delmenhorst"]
[Site "?"]
[Date "1992.??.??"]
[Round "?.6"]
[White "Thinius, M."]
[Black "Derikum, A."]
[Result "1-0"]
[WhiteElo "2330"]
[BlackElo "2315"]
[PlyCount "82"]
[EventDate "1992.??.??"]

1. d4 d5 2. Nf3 Nf6 3. c4 c6 4. Nc3 a6 5. cxd5 cxd5 6. Bf4 e6 7. e3 Ne4 8. Bd3
f5 9. Ne5 Nf6 10. h3 Be7 11. g4 g6 12. Rg1 Nc6 13. Rc1 Nxe5 14. Bxe5 O-O 15.
gxf5 exf5 16. Qb3 Rf7 17. Bxf6 Bxf6 18. Qxd5 Kg7 19. Qxd8 Bxd8 20. f4 Be6 21.
a3 Bf6 22. Kd2 Rc8 23. Na4 Rxc1 24. Rxc1 g5 25. Nc5 Bd5 26. fxg5 Bxg5 27. Bc4
Bxc4 28. Rxc4 Kf6 29. Nd3 Re7 30. Ne5 Ke6 31. Ke2 Bf6 32. Rc5 Rg7 33. Nd3 Bg5
34. Kf3 Bh6 35. Nf4+ Bxf4 36. Kxf4 Rg2 37. Re5+ Kd6 38. Kxf5 Rxb2 39. a4 Rf2+
40. Ke4 Rh2 41. Rh5 b5 1-0

[Event "BL 9293 Empor Berlin-Delmenhorst"]
[Site "?"]
[Date "1992.??.??"]
[Round "?.7"]
[White "Wesseln, K."]
[Black "Kimpinsky, F."]
[Result "1-0"]
[WhiteElo "2340"]
[BlackElo "2310"]
[PlyCount "71"]
[EventDate "1992.??.??"]

1. d4 Nf6 2. c4 d6 3. Nc3 Nbd7 4. Nf3 c6 5. e3 e5 6. Be2 Be7 7. O-O O-O 8. b4
a5 9. b5 exd4 10. Nxd4 Qc7 11. Ba3 Nc5 12. Bf3 Bd7 13. Qc2 Bg4 14. bxc6 Bxf3
15. Nxf3 bxc6 16. Bxc5 dxc5 17. Rab1 Nd7 18. Rfd1 Ra7 19. Ne2 a4 20. Ng3 a3 21.
Qe4 Bf6 22. Rd3 g6 23. Rbd1 Nb8 24. h4 Bg7 25. h5 Na6 26. hxg6 hxg6 27. Qh4 Nb4
28. Ng5 Re8 29. R3d2 Qe7 30. N3e4 f6 31. Qh7+ Kf8 32. Nd6 Rd8 33. Ngf7 Rdd7 34.
Nh8 Rxd6 35. Rxd6 Ke8 36. Qxg6+ 1-0

[Event "BL 9293 Empor Berlin-Delmenhorst"]
[Site "?"]
[Date "1992.??.??"]
[Round "?.8"]
[White "Meissner, HJ."]
[Black "Ditt, E."]
[Result "1-0"]
[WhiteElo "2280"]
[BlackElo "2295"]
[PlyCount "97"]
[EventDate "1992.??.??"]

1. e4 g6 2. d4 Bg7 3. Nf3 d6 4. Bc4 c6 5. Bb3 Nf6 6. Nbd2 d5 7. e5 Nfd7 8. O-O
Nf8 9. Re1 Na6 10. Nf1 Bg4 11. Ne3 Qd7 12. Nxg4 Qxg4 13. c3 Nc7 14. Bc2 Qd7 15.
g3 Nfe6 16. h4 O-O-O 17. b4 f5 18. a4 f4 19. g4 Rdf8 20. Kh2 Kb8 21. Rg1 Na8
22. Bd3 Nb6 23. Qe2 Nc8 24. Bd2 Rf7 25. Rg2 Bf8 26. Rh1 Rg8 27. Kg1 Nc7 28. Ng5
Rfg7 29. Bxf4 e6 30. Bd2 h6 31. Nh3 g5 32. h5 b6 33. f4 gxf4 34. Nxf4 Ne7 35.
Qf3 Rf7 36. Qd1 Bg7 37. Ng6 Nxg6 38. hxg6 Rff8 39. Bxh6 Bxh6 40. Rxh6 Qd8 41.
Qd2 Rf3 42. Be2 Rff8 43. Rf2 Rxf2 44. Kxf2 Rh8 45. Kg3 Rg8 46. Bd3 Ne8 47. Qf4
Kc8 48. Rh7 Nc7 49. Qf6 1-0

[Event "BL 9293 HSK-Empor Berlin"]
[Site "?"]
[Date "1992.??.??"]
[Round "?.1"]
[White "Kramnik, V."]
[Black "Shirov, A."]
[Result "1/2-1/2"]
[WhiteElo "2625"]
[BlackElo "2710"]
[PlyCount "35"]
[EventDate "1992.??.??"]

1. d4 Nf6 2. c4 g6 3. Nc3 Bg7 4. e4 d6 5. f3 O-O 6. Be3 c5 7. dxc5 dxc5 8. Qxd8
Rxd8 9. Bxc5 Nc6 10. Ba3 a5 11. Rd1 Be6 12. Nd5 Nb4 13. Nxe7+ Kh8 14. Rxd8+
Rxd8 15. Nd5 Nc2+ 16. Kd2 Nxa3 17. bxa3 b5 18. Nh3 1/2-1/2

[Event "BL 9293 HSK-Empor Berlin"]
[Site "?"]
[Date "1992.??.??"]
[Round "?.2"]
[White "Wahls, M."]
[Black "Muse, M."]
[Result "0-1"]
[WhiteElo "2540"]
[BlackElo "2470"]
[PlyCount "74"]
[EventDate "1992.??.??"]

1. e4 c5 2. Nf3 g6 3. c3 Bg7 4. Bb5 a6 5. Ba4 b5 6. Bc2 Nc6 7. d4 cxd4 8. cxd4
d5 9. exd5 Nb4 10. Bb3 Nxd5 11. Nc3 Ngf6 12. Ne5 Bb7 13. O-O O-O 14. Re1 Rc8
15. Qf3 Rc7 16. Qh3 Qc8 17. Qh4 Qa8 18. Qh3 e6 19. Nd1 Rxc1 20. Rxc1 Nf4 21.
Qe3 Nxg2 22. Qe2 Nxe1 23. Qxe1 Bd5 24. Bc2 Rc8 25. Ne3 Bh6 26. Bd3 Rxc1 27.
Qxc1 Qb7 28. Qc2 Bf4 29. b4 Kg7 30. a3 Be4 31. Qc3 Bxd3 32. Nxd3 Bxe3 33. fxe3
Qf3 34. Ne5 Qd1+ 35. Kg2 Nd5 36. Qb2 Nxe3+ 37. Kf2 Qc2+ 0-1

[Event "BL 9293 HSK-Empor Berlin"]
[Site "?"]
[Date "1992.??.??"]
[Round "?.4"]
[White "Mueller, Ka"]
[Black "Poldauf, D."]
[Result "1/2-1/2"]
[WhiteElo "2490"]
[BlackElo "2345"]
[PlyCount "51"]
[EventDate "1992.??.??"]

1. e4 e6 2. d4 d5 3. Nd2 Nf6 4. e5 Nfd7 5. c3 c5 6. Bd3 Nc6 7. Ne2 cxd4 8. cxd4
f6 9. exf6 Nxf6 10. O-O Bd6 11. Nf3 Qc7 12. g3 O-O 13. Bf4 Bxf4 14. Nxf4 Qb6
15. b3 Kh8 16. Ng5 e5 17. Nxh7 Nxh7 18. Qh5 e4 19. Ng6+ Kg8 20. Qxd5+ Rf7 21.
Bc4 Nd8 22. Ne7+ Kf8 23. Ng6+ Kg8 24. Ne7+ Kf8 25. Ng6+ Kg8 26. Ne7+ 1/2-1/2

[Event "BL 9293 HSK-Empor Berlin"]
[Site "?"]
[Date "1992.??.??"]
[Round "?.5"]
[White "Stern, R."]
[Black "Michaelsen, N."]
[Result "0-1"]
[WhiteElo "2375"]
[BlackElo "2405"]
[PlyCount "157"]
[EventDate "1992.??.??"]

1. Nf3 Nf6 2. c4 c5 3. Nc3 e6 4. g3 b6 5. Bg2 Bb7 6. O-O d6 7. d4 cxd4 8. Qxd4
a6 9. Bg5 Nbd7 10. Rfd1 Be7 11. Ne1 Bxg2 12. Kxg2 O-O 13. Rac1 Qc7 14. f3 h6
15. Be3 Qb7 16. Nc2 Rfc8 17. Na3 Rc7 18. Bf2 Rac8 19. e4 Ne8 20. Be3 Bf6 21.
Qd2 Ne5 22. Na4 Rc6 23. b3 Nd7 24. Nb2 R6c7 25. Nd3 Be7 26. Nc2 Nef6 27. Nd4
Bf8 28. Ne2 Be7 29. Nd4 Ne5 30. Nxe5 dxe5 31. Ne2 Ba3 32. Rc2 b5 33. Qa5 Be7
34. Rdc1 Nd7 35. c5 Bxc5 36. Bxc5 Rxc5 37. Rxc5 Rxc5 38. Qd8+ Kh7 39. Rxc5 Nxc5
40. Qd6 Nd7 41. Qe7 Kg8 42. Qd8+ Nf8 43. Qd6 Qc8 44. Kf2 Nd7 45. Kf1 a5 46. a4
bxa4 47. bxa4 h5 48. h3 g6 49. g4 h4 50. g5 Kg7 51. Ke1 Qb7 52. Kf2 Qa7+ 53.
Ke1 Kg8 54. Kf1 Nc5 55. Nc3 Nd7 56. Ne2 Nf8 57. Qxe5 Qe3 58. Qf4 Qb3 59. e5 Nd7
60. Kf2 Nc5 61. Qxh4 Nd3+ 62. Kg2 Qa2 63. Qe4 Nc1 64. Kf2 Nxe2 65. Qxe2 Qxa4
66. Qd2 Kg7 67. Qd8 Qa2+ 68. Ke3 Qb3+ 69. Qd3 Qb2 70. Qd4 Qc1+ 71. Ke2 Qxg5 72.
Kf2 Qe7 73. f4 Qb4 74. Qe3 a4 75. f5 Qb2+ 76. Ke1 Qb1+ 77. Kd2 Qxf5 78. Kc3 Qb1
79. h4 0-1

[Event "BL 9293 HSK-Empor Berlin"]
[Site "?"]
[Date "1992.??.??"]
[Round "?.7"]
[White "Thinius, M."]
[Black "Heinemann, T."]
[Result "1-0"]
[WhiteElo "2330"]
[BlackElo "2385"]
[PlyCount "71"]
[EventDate "1992.??.??"]

1. d4 Nf6 2. c4 c5 3. d5 b5 4. Nd2 bxc4 5. e4 Qa5 6. Qc2 Ba6 7. Bxc4 Bxc4 8.
Qxc4 d6 9. Ngf3 Nbd7 10. O-O g6 11. b3 Bg7 12. Bb2 O-O 13. Qc2 Nb6 14. h3 Rab8
15. Rab1 Nfd7 16. Bxg7 Kxg7 17. Rfe1 Rb7 18. Nf1 Kg8 19. Ne3 Rfb8 20. Nd2 Qb5
21. f4 Nf6 22. Rf1 Qb4 23. Qd3 Nfd7 24. Kh1 Rc7 25. Rbc1 Rbc8 26. Ndc4 Nxc4 27.
Nxc4 Nb6 28. e5 Nxc4 29. Rxc4 Qb7 30. exd6 exd6 31. f5 Re7 32. Qd2 Re5 33. Qh6
f6 34. fxg6 Rf8 35. gxh7+ Qxh7 36. Rg4+ 1-0

[Event "BL 9293 HSK-Empor Berlin"]
[Site "?"]
[Date "1992.??.??"]
[Round "?.8"]
[White "Sievers, S."]
[Black "Meissner, HJ."]
[Result "1/2-1/2"]
[WhiteElo "2380"]
[BlackElo "2280"]
[PlyCount "44"]
[EventDate "1992.??.??"]

1. e4 c5 2. Nc3 d6 3. f4 e6 4. Nf3 Nc6 5. d4 cxd4 6. Nxd4 Nf6 7. Be2 Be7 8. Be3
O-O 9. Qd2 Bd7 10. g4 Nxd4 11. Bxd4 Bc6 12. Bf3 d5 13. e5 Ne4 14. Qd3 Bh4+ 15.
Kf1 Nxc3 16. Bxc3 f6 17. Kg2 fxe5 18. Bxe5 Qb6 19. Bd4 Qc7 20. Be5 Qb6 21. Bd4
Qc7 22. Be5 Qb6 1/2-1/2

[Event "BL 9293 Delmenhorst-Stadthagen"]
[Site "?"]
[Date "1992.??.??"]
[Round "?.4"]
[White "Schlemermeyer, W."]
[Black "Tischbierek, R."]
[Result "1/2-1/2"]
[WhiteElo "2335"]
[BlackElo "2495"]
[PlyCount "70"]
[EventDate "1992.??.??"]

1. e4 c5 2. Nc3 Nc6 3. g3 g6 4. Bg2 Bg7 5. d3 d6 6. f4 e6 7. Nf3 Nge7 8. O-O
O-O 9. Be3 b6 10. d4 Ba6 11. Re1 cxd4 12. Nxd4 Nxd4 13. Bxd4 e5 14. Bf2 Rc8 15.
Qd2 Qc7 16. Rad1 Rfd8 17. f5 Bc4 18. g4 gxf5 19. gxf5 f6 20. Re3 d5 21. Nxd5
Bxd5 22. exd5 Qxc2 23. Qxc2 Rxc2 24. Ra3 Nc8 25. d6 Rxd6 26. Rxd6 Rc1+ 27. Bf1
Nxd6 28. Rxa7 Nxf5 29. Bxb6 Bh6 30. Kf2 Rc6 31. Bd3 Rxb6 32. Bxf5 Rxb2+ 33. Kf3
Rxh2 34. Be6+ Kf8 35. Rxh7 Bf4 1/2-1/2

[Event "BL 9293 Delmenhorst-Stadthagen"]
[Site "?"]
[Date "1992.??.??"]
[Round "?.5"]
[White "Keitlinghaus, L."]
[Black "Breutigam, M."]
[Result "1-0"]
[WhiteElo "2460"]
[BlackElo "2335"]
[PlyCount "67"]
[EventDate "1992.??.??"]

1. e4 e6 2. d4 d5 3. e5 c5 4. c3 Nc6 5. Nf3 Bd7 6. Be2 Nh6 7. Bxh6 gxh6 8. O-O
cxd4 9. cxd4 Bg7 10. Nc3 O-O 11. Bb5 Ne7 12. Bxd7 Qxd7 13. Ne2 Nc6 14. Ne1 f6
15. f4 fxe5 16. dxe5 Rac8 17. Nd3 Qc7 18. Kh1 Qb6 19. Ng3 Nd4 20. Rc1 Qb5 21.
Rc3 Rxc3 22. bxc3 Nf5 23. Nxf5 Rxf5 24. g4 Rf7 25. f5 Qc6 26. Qf3 Qxc3 27. f6
Qc7 28. Qg3 Bf8 29. g5 Bc5 30. gxh6+ Kf8 31. Nf4 Qc6 32. Qg4 d4+ 33. Rf3 Ke8
34. Qxe6+ 1-0

[Event "BL 9293 Delmenhorst-Stadthagen"]
[Site "?"]
[Date "1992.??.??"]
[Round "?.6"]
[White "Meyer, Ho"]
[Black "Heissler, J."]
[Result "1-0"]
[WhiteElo "2330"]
[BlackElo "2410"]
[PlyCount "77"]
[EventDate "1992.??.??"]

1. d4 Nf6 2. Nf3 g6 3. c4 Bg7 4. Nc3 O-O 5. e4 d6 6. Be2 e5 7. O-O Nc6 8. d5
Ne7 9. Nd2 a5 10. Rb1 Nd7 11. a3 f5 12. b4 Kh8 13. Qc2 g5 14. exf5 Nxf5 15. Bd3
Nd4 16. Qd1 Nf6 17. Nde4 Nxe4 18. Nxe4 g4 19. Bg5 Qe8 20. Qd2 axb4 21. axb4 Ra3
22. Ng3 Qf7 23. Be4 Bd7 24. Qb2 Raa8 25. Ra1 Rxa1 26. Rxa1 Nf5 27. Qc2 Nxg3 28.
hxg3 Qh5 29. Be7 Re8 30. Bh4 Qh6 31. Ra7 Bc8 32. c5 Bf6 33. c6 Bxh4 34. gxh4 g3
35. cxb7 Bxb7 36. Rxb7 Qxh4 37. fxg3 Qxg3 38. Qf2 Qg5 39. Rxc7 1-0

[Event "BL 9293 Delmenhorst-Stadthagen"]
[Site "?"]
[Date "1992.??.??"]
[Round "?.7"]
[White "Gauglitz, G."]
[Black "Ditt, E."]
[Result "1-0"]
[WhiteElo "2435"]
[BlackElo "2295"]
[PlyCount "81"]
[EventDate "1992.??.??"]

1. d4 g6 2. c4 f5 3. Nf3 Bg7 4. g3 Nf6 5. Bg2 O-O 6. O-O d6 7. d5 c6 8. Nc3
cxd5 9. cxd5 Na6 10. Be3 Bd7 11. h3 Qa5 12. a3 Rfc8 13. Nd4 Qb6 14. Qd2 Qd8 15.
b4 Nc7 16. Rac1 Qe8 17. Rfd1 a5 18. Ne6 axb4 19. Nxg7 Kxg7 20. axb4 Na6 21. Qb2
Rc4 22. Rd4 Rac8 23. b5 Nb8 24. Bf1 Qd8 25. b6 R4c5 26. Rdd1 Ra5 27. Bd4 Be8
28. e4 Nbd7 29. exf5 gxf5 30. Re1 Bg6 31. Qd2 Nc5 32. Qe3 Kf7 33. Nb5 Nfe4 34.
Nc7 Qd7 35. Qh6 Rg8 36. h4 Nb3 37. Bc3 Rc5 38. h5 Rxc3 39. Rxc3 Nxc3 40. hxg6+
hxg6 41. Qe3 1-0

[Event "BL 9293 Bayern-Bochum"]
[Site "?"]
[Date "1992.??.??"]
[Round "?.3"]
[White "Schulz, KJ."]
[Black "Ribli, Z."]
[Result "0-1"]
[WhiteElo "2415"]
[BlackElo "2610"]
[PlyCount "134"]
[EventDate "1992.??.??"]

1. d4 Nf6 2. Nf3 d5 3. c4 e6 4. Nc3 dxc4 5. e3 a6 6. Bxc4 b5 7. Bd3 Nbd7 8. O-O
Bb7 9. Qe2 c5 10. Rd1 Qb6 11. Bd2 Be7 12. Rac1 O-O 13. Be1 Rfd8 14. Bc2 Rac8
15. dxc5 Rxc5 16. Bb1 Rdc8 17. a3 R5c7 18. Nd4 Ne5 19. Na2 Nc4 20. Bb4 e5 21.
Bxe7 Rxe7 22. Nf5 Rec7 23. Nb4 g6 24. Rxc4 Rxc4 25. Ne7+ Kg7 26. Nxc8 Rxc8 27.
Nd3 Qc6 28. Ne1 Qe6 29. h3 Bd5 30. Qd2 Rc6 31. Rc1 Ne4 32. Bxe4 Bxe4 33. Rxc6
Qxc6 34. f3 Bb1 35. Kf2 h5 36. h4 Qc5 37. Qd1 Bf5 38. Qd2 Kh7 39. Kf1 Qc4+ 40.
Kg1 Qxh4 41. e4 Be6 42. Nd3 Qd8 43. Qc3 f6 44. Kh2 Qd6 45. Nc5 Bc4 46. Nb7 Qb6
47. Na5 Bf7 48. b4 Be6 49. Nb3 Qd6 50. Nc5 Bc4 51. Qc2 h4 52. a4 Kh6 53. Qc1+
Kh5 54. axb5 axb5 55. g4+ hxg3+ 56. Kxg3 g5 57. Qh1+ Kg6 58. Qh3 Kg7 59. Qc8
Bf7 60. Qb7 Qd1 61. Qxb5 Qg1+ 62. Kh3 Qf2 63. Qd3 Kh6 64. Qd1 Kg7 65. Qd3 Kg6
66. Qd1 Bc4 67. Nd3 Be6# 0-1

[Event "BL 9293 Bayern-Bochum"]
[Site "?"]
[Date "1992.??.??"]
[Round "?.5"]
[White "Jackelen, T."]
[Black "Kindermann, S."]
[Result "1/2-1/2"]
[WhiteElo "2420"]
[BlackElo "2505"]
[PlyCount "60"]
[EventDate "1992.??.??"]

1. Nf3 f5 2. d3 d6 3. g3 e5 4. Bg2 Nf6 5. c4 g6 6. Nc3 Bg7 7. O-O O-O 8. Rb1 h6
9. b4 a6 10. a4 Nc6 11. b5 axb5 12. axb5 Ne7 13. Bb2 Be6 14. Ra1 Rc8 15. Ne1 b6
16. Nc2 g5 17. Nb4 f4 18. d4 fxg3 19. fxg3 exd4 20. Ncd5 Ng4 21. Qd2 Qd7 22.
Nxe7+ Qxe7 23. Nc6 Qd7 24. Bxd4 Rxf1+ 25. Rxf1 Rf8 26. Rxf8+ Kxf8 27. Qc3 Bxd4+
28. Nxd4 Ne5 29. Bd5 Bf7 30. Nc6 Qf5 1/2-1/2